000
00292nam a22001337a 4500
003
OSt
005
20160727222346.0
008
160621b xxu||||| |||| 00| 0 eng d
040
_c
test
245
_a
The Famous Five
260
_a
knight Book
_c
1968
300
_a
The Famous Five
942
_2
ddc
_c
BK
999
_c
212
_d
212